000 01218nam a2200397 a 4500
003 AR-BaBNM
005 20251128204525.0
008 082120s2002 ||||||||||||||000 | spa||
040 _cAR-BaBNM
245 0 0 _aEducación y orientación
260 _aBuenos Aires
_bPaidós
_c1967-1968
300 _a825 p.
_bgráfs.
490 0 _aNueva enciclopedia pedagógica del educador. La educación y sus fundamentos
_vV. 5
500 _aContiene: El maestro y la orientación del niño - Asesoramiento y orientación
504 _aContiene bibliografía
650 4 _aROL DEL DOCENTE
650 4 _aORIENTACION PROFESIONAL
650 4 _aPROCESO DE APRENDIZAJE
650 4 _aTRABAJO EN EQUIPO
650 4 _aAUTOEVALUACION
650 4 _aDOCENTES
650 4 _aRELACION PADRES-DOCENTE
650 4 _aRELACION FAMILIA-ESCUELA
650 4 _aASESORAMIENTO DEL DOCENTE
650 4 _aASESORAMIENTO DE GRUPO
650 4 _aASESORAMIENTO FAMILIAR
650 4 _aASESORAMIENTO INDIVIDUAL
650 4 _aPERSONALIDAD
700 1 _aJohnston, Edgar G.
700 1 _aPeters, Mildred
700 1 _aEvraiff, William
700 1 _aMoser, Leslie E.
700 1 _aMoser, Ruth Small
942 _cBK
998 _cGrace
999 _c7774
_d7774